Popularne albumy rap/trap tygodnia 15-21.01 - Statystyki

Ogólne statystyki
  • Ten quiz został rozwiązany 16 razy
  • Średni wynik to 11 z 15
Statystyki odpowiedzi
Wykonawca Data Wydania Album % Poprawnych
Mata 17 stycznia 2020 100 dni do matury
94%
Quebonafide 1 kwietnia 2020 ROMANTIC PSYCHO
94%
SB Maffija 8 czerwca 2020 Hotel Maffija
88%
Bedoes & Lanek 15 stycznia 2021 Rewolucja Romantyczna
88%
Bedoes & Lanek 29 listopada 2019 Opowieści z Doliny Smoków
81%
Guzior 4 grudnia 2020 PLEŚŃ
81%
chillwagon 22 grudnia 2020 chillwagon 2.0
75%
Białas 5 sierpnia 2020 H8M5
75%
Taco Hemingway 28 sierpnia 2020 Jarmark
75%
Kizo 23 października 2020 Posejdon
75%
Kali x Major SPZ 11 grudnia 2020 Hucpa
69%
Kabe 20 listopada 2020 Mowgli
69%
White 2115 28 sierpnia 2020 Rockstar: Do zachodu słońca
69%
Pezet 27 września 2019 Muzyka współczesna
50%
Kukon 25 grudnia 2020 Ogrody Mixtape 2
50%
Nie znaleziono quizów pasujących do podanych kryteriów
Rozkład punktacji
Procent ludzi z każdym wynikiem
Percentyl według liczby udzielonych odpowiedzi
Twoja historia wyników
Nie rozwiązałeś tego quizu